El 12 de octubre y más allá

保存先:
書誌詳細
フォーマット: テキスト
タグ: タグ追加
タグなし, このレコードへの初めてのタグを付けませんか!

MARC

LEADER 00000 a a2200000 04500
001 42522
003
040
245 |a El 12 de octubre y más allá  
773 |g volumen23, número1020 ( , 2002), páginas 11-13  
999 |c 31883  |d 31883